[Event "8th Arber Open"]
[Site "chess24.com"]
[Date "2019.07.28"]
[Round "2"]
[White "Schleining, Zoya"]
[Black "Brandsma, Romayn"]
[Result "1-0"]
[Board "14"]
[WhiteElo "2339"]
[WhiteTitle "IM"]
[WhiteCountry "GER"]
[WhiteFideId "4671660"]
[WhiteEloChange "2"]
[BlackElo "1957"]
[BlackCountry "NED"]
[BlackFideId "1054139"]
[BlackEloChange "-2"]

1. d4 {[%clk 1:30:56]} Nf6 {[%clk 1:30:55]} 2. Nf3 {[%clk 1:31:22]} e6 {[%clk
1:31:18]} 3. c4 {[%clk 1:31:44]} b6 {[%clk 1:31:43]} 4. g3 {[%clk 1:31:56]} Ba6
{[%clk 1:31:41]} 5. b3 {[%clk 1:32:11]} Bb4+ {[%clk 1:32:04]} 6. Bd2 {[%clk
1:32:33]} Be7 {[%clk 1:32:27]} 7. Nc3 {[%clk 1:32:34]} d5 {[%clk 1:29:50]} 8.
cxd5 {[%clk 1:29:45]} exd5 {[%clk 1:29:03]} 9. Bg2 {[%clk 1:29:21]} O-O {[%clk
1:26:46]} 10. O-O {[%clk 1:29:27]} Ne4 {[%clk 1:15:28]} 11. Ne5 {[%clk 1:05:49]}
f6 {[%clk 1:04:12]} 12. Nxe4 {[%clk 0:57:26]} fxe5 {[%clk 1:01:53]} 13. Ng5
{[%clk 0:50:34]} Rf5 {[%clk 0:49:13]} 14. Ne6 {[%clk 0:46:30]} Qd7 {[%clk
0:45:12]} 15. Nxc7 {[%clk 0:46:29]} Qxc7 {[%clk 0:44:38]} 16. Bxd5+ {[%clk
0:46:52]} Kh8 {[%clk 0:45:04]} 17. Bxa8 {[%clk 0:46:11]} exd4 {[%clk 0:45:02]}
18. Rc1 {[%clk 0:43:20]} Qe5 {[%clk 0:44:42]} 19. f4 {[%clk 0:42:30]} Qe6 {[%clk
0:44:14]} 20. Bf3 {[%clk 0:41:51]} h5 {[%clk 0:43:55]} 21. Qc2 {[%clk 0:35:57]}
d3 {[%clk 0:41:26]} 22. exd3 {[%clk 0:32:41]} Bc5+ {[%clk 0:41:34]} 23. Kg2
{[%clk 0:32:36]} Nc6 {[%clk 0:41:19]} 24. Rfe1 {[%clk 0:30:39]} Qd6 {[%clk
0:40:51]} 25. Re8+ {[%clk 0:29:47]} Kh7 {[%clk 0:40:45]} 26. Be4 {[%clk 0:28:47]}
g6 {[%clk 0:40:53]} 27. Bc3 {[%clk 0:28:16]} Nd4 {[%clk 0:40:36]} 28. b4 {[%clk
0:22:05]} 1-0

[Event "8th Arber Open"]
[Site "chess24.com"]
[Date "2019.07.28"]
[Round "2"]
[White "Strangmueller, Andreas"]
[Black "Pohl-Kuemmel, Jens-Uwe"]
[Result "0-1"]
[Board "15"]
[WhiteElo "1968"]
[WhiteCountry "GER"]
[WhiteFideId "1270212"]
[WhiteEloChange "-3"]
[BlackElo "2288"]
[BlackTitle "FM"]
[BlackCountry "GER"]
[BlackFideId "4606639"]
[BlackEloChange "3"]

1. d4 {[%clk 1:30:56]} Nf6 {[%clk 1:30:48]} 2. Nf3 {[%clk 1:28:54]} d6 {[%clk
1:30:45]} 3. c4 {[%clk 1:21:03]} g6 {[%clk 1:30:45]} 4. Nc3 {[%clk 1:21:22]} Bg7
{[%clk 1:31:08]} 5. e4 {[%clk 1:18:32]} O-O {[%clk 1:31:23]} 6. Be2 {[%clk
1:17:54]} Na6 {[%clk 1:30:35]} 7. O-O {[%clk 1:17:42]} e5 {[%clk 1:30:31]} 8. d5
{[%clk 1:12:22]} Nc5 {[%clk 1:30:07]} 9. Qc2 {[%clk 1:10:37]} a5 {[%clk 1:30:18]}
10. b3 {[%clk 1:02:28]} Bd7 {[%clk 1:27:04]} 11. Rb1 {[%clk 0:59:09]} Nfxe4
{[%clk 1:19:55]} 12. Nxe4 {[%clk 0:44:09]} Nxe4 {[%clk 1:20:12]} 13. a3 {[%clk
0:39:14]} Nc5 {[%clk 1:10:54]} 14. Qd1 {[%clk 0:30:40]} a4 {[%clk 1:04:47]} 0-1

[Event "8th Arber Open"]
[Site "chess24.com"]
[Date "2019.07.28"]
[Round "2"]
[White "Woelk, Tom-Frederic"]
[Black "Pfeifer, Wilfried"]
[Result "1-0"]
[Board "16"]
[WhiteElo "2229"]
[WhiteCountry "GER"]
[WhiteFideId "12993077"]
[WhiteEloChange "3"]
[BlackElo "1916"]
[BlackCountry "GER"]
[BlackFideId "4643631"]
[BlackEloChange "-3"]

1. d4 {[%clk 1:30:57]} f5 {[%clk 1:30:54]} 2. Bg5 {[%clk 1:31:22]} h6 {[%clk
1:28:21]} 3. Bh4 {[%clk 1:31:51]} g5 {[%clk 1:27:40]} 4. Bg3 {[%clk 1:31:51]} Bg7
{[%clk 1:22:17]} 5. e3 {[%clk 1:31:50]} Nf6 {[%clk 1:18:04]} 6. c4 {[%clk
1:30:26]} c5 {[%clk 1:13:28]} 7. Bxb8 {[%clk 1:07:55]} Rxb8 {[%clk 1:13:43]} 8.
Nc3 {[%clk 1:08:18]} O-O {[%clk 1:06:55]} 9. Nf3 {[%clk 0:58:19]} Ne4 {[%clk
0:52:52]} 10. Bd3 {[%clk 0:50:01]} Qa5 {[%clk 0:45:53]} 11. Bxe4 {[%clk 0:47:33]}
fxe4 {[%clk 0:46:10]} 12. Nd2 {[%clk 0:47:35]} cxd4 {[%clk 0:45:31]} 13. exd4
{[%clk 0:47:29]} Bxd4 {[%clk 0:42:39]} 14. Ndxe4 {[%clk 0:47:52]} Bxc3+ {[%clk
0:37:04]} 15. Nxc3 {[%clk 0:48:02]} Qe5+ {[%clk 0:37:26]} 16. Qe2 {[%clk
0:47:50]} Qxe2+ {[%clk 0:37:48]} 17. Kxe2 {[%clk 0:48:15]} d6 {[%clk 0:34:06]}
18. Rhe1 {[%clk 0:48:13]} Bd7 {[%clk 0:27:00]} 19. Kf1 {[%clk 0:45:38]} Kf7
{[%clk 0:24:19]} 20. Re3 {[%clk 0:45:13]} b5 {[%clk 0:22:16]} 21. Rae1 {[%clk
0:43:58]} e5 {[%clk 0:15:29]} 22. c5 {[%clk 0:38:50]} b4 {[%clk 0:11:15]} 23. Ne4
{[%clk 0:38:38]} dxc5 {[%clk 0:09:34]} 24. Nxc5 {[%clk 0:38:58]} Bb5+ {[%clk
0:09:28]} 25. Kg1 {[%clk 0:39:22]} Rfe8 {[%clk 0:08:29]} 26. Rxe5 {[%clk
0:35:42]} Rxe5 {[%clk 0:08:13]} 27. Rxe5 {[%clk 0:36:09]} Rd8 {[%clk 0:08:39]}
28. h4 {[%clk 0:36:27]} gxh4 {[%clk 0:08:17]} 29. Kh2 {[%clk 0:36:34]} Rd2 {[%clk
0:08:09]} 30. Nb3 {[%clk 0:36:23]} Rxb2 {[%clk 0:06:28]} 31. Rxb5 {[%clk
0:36:46]} Rxa2 {[%clk 0:06:04]} 32. f3 {[%clk 0:37:05]} Rb2 {[%clk 0:03:47]} 33.
Rxb4 {[%clk 0:36:45]} Kf6 {[%clk 0:03:49]} 34. Rb7 {[%clk 0:36:45]} Ra2 {[%clk
0:04:03]} 35. Nc5 {[%clk 0:36:32]} a5 {[%clk 0:04:17]} 36. Rb6+ {[%clk 0:35:41]}
Kg7 {[%clk 0:04:09]} 37. Ra6 {[%clk 0:35:56]} Kh7 {[%clk 0:03:54]} 38. Nd7 {[%clk
0:35:36]} Kg7 {[%clk 0:03:35]} 39. Nb6 {[%clk 0:35:50]} Ra1 {[%clk 0:03:07]} 40.
Nc4 {[%clk 0:35:24]} a4 {[%clk 0:03:26]} 41. Nb6 {[%clk 0:35:43]} a3 {[%clk
0:03:31]} 42. Nc4 {[%clk 0:36:09]} a2 {[%clk 0:02:11]} 43. Ne3 {[%clk 0:36:36]}
1-0

[Event "8th Arber Open"]
[Site "chess24.com"]
[Date "2019.07.28"]
[Round "2"]
[White "Reuter, Roland"]
[Black "Vuckovic, Zarko"]
[Result "0-1"]
[Board "17"]
[WhiteElo "1930"]
[WhiteCountry "GER"]
[WhiteFideId "4610300"]
[WhiteEloChange "-3"]
[BlackElo "2214"]
[BlackCountry "GER"]
[BlackFideId "12952087"]
[BlackEloChange "3"]

1. e4 {[%clk 1:30:55]} c5 {[%clk 1:22:59]} 2. Nf3 {[%clk 1:31:15]} e6 {[%clk
1:23:26]} 3. d4 {[%clk 1:31:31]} cxd4 {[%clk 1:23:50]} 4. c3 {[%clk 1:31:56]}
dxc3 {[%clk 1:24:14]} 5. Nxc3 {[%clk 1:32:19]} a6 {[%clk 1:24:42]} 6. Be2 {[%clk
1:31:20]} b5 {[%clk 1:24:55]} 7. O-O {[%clk 1:31:21]} Bb7 {[%clk 1:25:23]} 8. a3
{[%clk 1:30:31]} Ne7 {[%clk 1:25:15]} 9. Bf4 {[%clk 1:30:09]} Ng6 {[%clk
1:24:07]} 10. Bg3 {[%clk 1:30:31]} Be7 {[%clk 1:24:24]} 11. Rc1 {[%clk 1:30:06]}
O-O {[%clk 1:24:12]} 12. Qd2 {[%clk 1:29:37]} Nc6 {[%clk 1:13:15]} 13. Rfd1
{[%clk 1:29:59]} Qb6 {[%clk 1:12:46]} 14. Qxd7 {[%clk 1:28:12]} Rac8 {[%clk
1:11:59]} 15. Qd3 {[%clk 1:26:18]} Na5 {[%clk 1:10:43]} 16. Qb1 {[%clk 1:20:27]}
Nb3 {[%clk 1:05:05]} 17. Rc2 {[%clk 1:19:31]} Rfd8 {[%clk 0:58:42]} 18. Bd3
{[%clk 1:14:36]} Rd7 {[%clk 0:55:09]} 19. Re2 {[%clk 1:13:18]} Na5 {[%clk
0:50:13]} 20. h4 {[%clk 1:10:34]} h6 {[%clk 0:45:52]} 21. h5 {[%clk 1:04:20]} Nf8
{[%clk 0:46:15]} 22. e5 {[%clk 1:04:03]} Nc4 {[%clk 0:43:35]} 23. Ne4 {[%clk
0:58:38]} Rcd8 {[%clk 0:43:20]} 24. Bc2 {[%clk 0:55:31]} Rxd1+ {[%clk 0:42:46]}
25. Bxd1 {[%clk 0:55:52]} Nxb2 {[%clk 0:40:09]} 26. Bb3 {[%clk 0:55:31]} Nd3
{[%clk 0:39:03]} 27. Bc2 {[%clk 0:50:46]} Nc5 {[%clk 0:37:00]} 28. Nd6 {[%clk
0:49:50]} Bxf3 {[%clk 0:36:20]} 29. gxf3 {[%clk 0:50:17]} Bxd6 {[%clk 0:35:17]}
30. exd6 {[%clk 0:50:39]} Nb7 {[%clk 0:35:42]} 31. Qb4 {[%clk 0:47:57]} Nxd6
{[%clk 0:35:16]} 32. Rd2 {[%clk 0:45:59]} Nc4 {[%clk 0:34:45]} 33. Re2 {[%clk
0:44:48]} Qd4 {[%clk 0:33:10]} 34. Kg2 {[%clk 0:44:38]} Nd2 {[%clk 0:31:10]} 35.
Qa5 {[%clk 0:43:12]} Qd5 {[%clk 0:30:31]} 36. Qc3 {[%clk 0:42:12]} Qc4 {[%clk
0:29:41]} 37. Re3 {[%clk 0:40:54]} Nf1 {[%clk 0:28:02]} 0-1

[Event "8th Arber Open"]
[Site "chess24.com"]
[Date "2019.07.28"]
[Round "2"]
[White "Senner, Peter"]
[Black "Speicher, Franz"]
[Result "1-0"]
[Board "18"]
[WhiteElo "2231"]
[WhiteCountry "GER"]
[WhiteFideId "4608283"]
[WhiteEloChange "3"]
[BlackElo "1895"]
[BlackCountry "GER"]
[BlackFideId "4666810"]
[BlackEloChange "-3"]

1. e4 {[%clk 1:30:57]} c6 {[%clk 1:30:48]} 2. d4 {[%clk 1:31:21]} d5 {[%clk
1:31:09]} 3. e5 {[%clk 1:31:20]} c5 {[%clk 1:31:25]} 4. Nf3 {[%clk 1:31:43]} Nc6
{[%clk 1:31:21]} 5. Bb5 {[%clk 1:32:00]} cxd4 {[%clk 1:29:38]} 6. Nxd4 {[%clk
1:32:00]} Bd7 {[%clk 1:28:31]} 7. Nxc6 {[%clk 1:29:51]} Bxc6 {[%clk 1:28:08]} 8.
Be2 {[%clk 1:29:44]} e6 {[%clk 1:23:25]} 9. Be3 {[%clk 1:27:03]} Ne7 {[%clk
1:16:12]} 10. f4 {[%clk 1:20:00]} Nf5 {[%clk 1:15:25]} 11. Bf2 {[%clk 1:20:25]}
Qa5+ {[%clk 1:12:31]} 12. c3 {[%clk 1:20:03]} Bc5 {[%clk 1:09:23]} 13. O-O {[%clk
1:19:52]} Ne3 {[%clk 1:01:23]} 14. Bxe3 {[%clk 1:20:16]} Bxe3+ {[%clk 1:01:46]}
15. Kh1 {[%clk 1:20:41]} O-O-O {[%clk 0:58:30]} 16. a4 {[%clk 1:08:12]} d4 {[%clk
0:50:47]} 17. b4 {[%clk 1:07:40]} Qd5 {[%clk 0:45:23]} 18. Bf3 {[%clk 1:08:02]}
Qc4 {[%clk 0:45:40]} 19. Na3 {[%clk 0:57:21]} Qxc3 {[%clk 0:21:00]} 20. Nb5
{[%clk 0:57:33]} Bxb5 {[%clk 0:19:59]} 21. axb5 {[%clk 0:57:57]} d3 {[%clk
0:18:54]} 22. Bxb7+ {[%clk 0:57:37]} Kxb7 {[%clk 0:15:11]} 23. Qf3+ {[%clk
0:58:00]} Rd5 {[%clk 0:10:54]} 24. Qxe3 {[%clk 0:58:24]} Qd4 {[%clk 0:10:51]} 25.
Qd2 {[%clk 0:55:38]} Rc8 {[%clk 0:08:29]} 26. f5 {[%clk 0:48:12]} Rc2 {[%clk
0:05:42]} 27. Qg5 {[%clk 0:47:58]} Qxe5 {[%clk 0:03:39]} 28. Rae1 {[%clk
0:47:58]} Qc7 {[%clk 0:01:03]} 29. Qg4 {[%clk 0:48:23]} d2 {[%clk 0:01:00]} 30.
Rd1 {[%clk 0:48:45]} exf5 {[%clk 0:01:10]} 31. Qf3 {[%clk 0:49:07]} Kb8 {[%clk
0:01:20]} 32. Qxd5 {[%clk 0:49:31]} 1-0

[Event "8th Arber Open"]
[Site "chess24.com"]
[Date "2019.07.28"]
[Round "2"]
[White "Vennemann, Juergen"]
[Black "Kleibel, Uwe"]
[Result "0-1"]
[Board "19"]
[WhiteElo "1925"]
[WhiteCountry "GER"]
[WhiteFideId "24646938"]
[WhiteEloChange "-3"]
[BlackElo "2217"]
[BlackCountry "GER"]
[BlackFideId "1270982"]
[BlackEloChange "3"]

1. d4 {[%clk 1:30:49]} Nf6 {[%clk 1:30:57]} 2. c4 {[%clk 1:31:03]} g6 {[%clk
1:31:22]} 3. Nc3 {[%clk 1:31:23]} Bg7 {[%clk 1:31:22]} 4. e4 {[%clk 1:31:17]} O-O
{[%clk 1:32:11]} 5. f3 {[%clk 1:31:37]} d6 {[%clk 1:32:37]} 6. Be3 {[%clk
1:31:57]} e5 {[%clk 1:32:56]} 7. d5 {[%clk 1:32:15]} Nh5 {[%clk 1:33:18]} 8. Qd2
{[%clk 1:31:41]} Qh4+ {[%clk 1:33:53]} 9. Bf2 {[%clk 1:25:09]} Qe7 {[%clk
1:33:53]} 10. Bd3 {[%clk 1:24:54]} Nf4 {[%clk 1:32:35]} 11. Bf1 {[%clk 1:22:30]}
Na6 {[%clk 1:29:14]} 12. g3 {[%clk 1:21:50]} Nh5 {[%clk 1:29:29]} 13. O-O-O
{[%clk 1:21:22]} Bd7 {[%clk 1:28:09]} 14. g4 {[%clk 1:09:24]} Nf4 {[%clk
1:27:44]} 15. Nge2 {[%clk 1:09:18]} Nc5 {[%clk 1:20:17]} 16. Nxf4 {[%clk
1:08:29]} exf4 {[%clk 1:16:26]} 17. Bd4 {[%clk 1:08:07]} Be5 {[%clk 1:14:46]} 18.
h4 {[%clk 1:07:04]} h6 {[%clk 1:14:29]} 19. h5 {[%clk 0:53:39]} g5 {[%clk
1:14:33]} 20. Bxe5 {[%clk 0:53:47]} Qxe5 {[%clk 1:11:25]} 21. Qd4 {[%clk
0:51:12]} Qe7 {[%clk 0:58:47]} 22. Bd3 {[%clk 0:50:26]} Be8 {[%clk 0:57:40]} 23.
Rhe1 {[%clk 0:50:08]} Nd7 {[%clk 0:57:45]} 24. e5 {[%clk 0:38:47]} Nxe5 {[%clk
0:57:47]} 25. Bc2 {[%clk 0:38:43]} f6 {[%clk 0:57:15]} 26. Qe4 {[%clk 0:30:50]}
Bd7 {[%clk 0:55:05]} 27. Nb5 {[%clk 0:29:38]} f5 {[%clk 0:46:38]} 28. Qd4 {[%clk
0:23:06]} fxg4 {[%clk 0:42:35]} 29. Nxc7 {[%clk 0:22:30]} Rac8 {[%clk 0:41:12]}
30. c5 {[%clk 0:18:54]} Rxc7 {[%clk 0:36:23]} 31. cxd6 {[%clk 0:19:12]} Rxc2+
{[%clk 0:28:39]} 32. Kxc2 {[%clk 0:19:32]} Qh7+ {[%clk 0:29:04]} 33. Kb3 {[%clk
0:11:37]} Nxf3 {[%clk 0:29:16]} 34. Qc3 {[%clk 0:11:42]} Nxe1 {[%clk 0:28:53]}
35. Rxe1 {[%clk 0:12:08]} Qf5 {[%clk 0:25:30]} 36. Re7 {[%clk 0:10:22]} Qxd5+
{[%clk 0:23:36]} 37. Ka3 {[%clk 0:10:37]} Qxd6+ {[%clk 0:23:56]} 0-1

[Event "8th Arber Open"]
[Site "chess24.com"]
[Date "2019.07.28"]
[Round "2"]
[White "Hoffmann, Sebastian"]
[Black "Lorencova, Vera"]
[Result "1-0"]
[Board "20"]
[WhiteElo "2199"]
[WhiteCountry "GER"]
[WhiteFideId "12954535"]
[WhiteEloChange "3"]
[BlackElo "1892"]
[BlackCountry "CZE"]
[BlackFideId "321397"]
[BlackEloChange "-3"]

1. e4 {[%clk 1:30:56]} e5 {[%clk 1:30:40]} 2. Nf3 {[%clk 1:30:56]} Nf6 {[%clk
1:30:58]} 3. Nc3 {[%clk 1:31:30]} Nc6 {[%clk 1:31:21]} 4. d4 {[%clk 1:31:35]}
exd4 {[%clk 1:31:33]} 5. Nxd4 {[%clk 1:31:54]} Bb4 {[%clk 1:31:13]} 6. Nxc6
{[%clk 1:32:32]} bxc6 {[%clk 1:31:32]} 7. Bd3 {[%clk 1:32:32]} O-O {[%clk
1:30:24]} 8. O-O {[%clk 1:32:52]} d5 {[%clk 1:30:20]} 9. exd5 {[%clk 1:33:25]}
cxd5 {[%clk 1:30:20]} 10. h3 {[%clk 1:33:25]} c6 {[%clk 1:29:15]} 11. Qf3 {[%clk
1:32:58]} h6 {[%clk 1:24:54]} 12. Bf4 {[%clk 1:32:17]} Be6 {[%clk 1:22:20]} 13.
a3 {[%clk 1:30:07]} Bd6 {[%clk 1:22:23]} 14. b4 {[%clk 1:27:53]} Qc7 {[%clk
1:16:25]} 15. Bxh6 {[%clk 1:18:46]} Ng4 {[%clk 0:52:53]} 16. hxg4 {[%clk
1:12:59]} gxh6 {[%clk 0:53:06]} 17. Ne2 {[%clk 0:58:53]} Bh2+ {[%clk 0:42:36]}
18. Kh1 {[%clk 0:59:14]} Be5 {[%clk 0:43:00]} 19. Rae1 {[%clk 0:57:07]} h5 {[%clk
0:40:23]} 20. gxh5 {[%clk 0:51:18]} Qe7 {[%clk 0:37:26]} 21. Ng3 {[%clk 0:38:54]}
Bc7 {[%clk 0:13:48]} 22. Qg4+ {[%clk 0:30:42]} Kh8 {[%clk 0:08:51]} 23. Nf5
{[%clk 0:26:28]} Qf6 {[%clk 0:08:35]} 24. Qd4 {[%clk 0:26:41]} Qxd4 {[%clk
0:06:03]} 25. Nxd4 {[%clk 0:27:04]} Bg4 {[%clk 0:06:25]} 26. f3 {[%clk 0:23:32]}
Bxh5 {[%clk 0:05:22]} 27. g4 {[%clk 0:23:53]} Bg6 {[%clk 0:05:18]} 28. Bxg6
{[%clk 0:23:49]} fxg6 {[%clk 0:05:42]} 29. Nxc6 {[%clk 0:18:02]} Rf7 {[%clk
0:03:28]} 30. Re7 {[%clk 0:17:24]} Raf8 {[%clk 0:03:34]} 31. Rfe1 {[%clk
0:14:58]} Bb6 {[%clk 0:01:43]} 32. Rxf7 {[%clk 0:14:32]} Rxf7 {[%clk 0:02:04]}
33. Re8+ {[%clk 0:14:48]} Kg7 {[%clk 0:02:05]} 34. Re7 {[%clk 0:14:56]} d4 {[%clk
0:01:08]} 35. Kg2 {[%clk 0:12:48]} g5 {[%clk 0:00:44]} 36. Kf1 {[%clk 0:12:18]}
Rxe7 {[%clk 0:00:59]} 37. Nxe7 {[%clk 0:12:42]} Kf7 {[%clk 0:01:19]} 38. Nc8
{[%clk 0:12:49]} 1-0

[Event "8th Arber Open"]
[Site "chess24.com"]
[Date "2019.07.28"]
[Round "2"]
[White "Beck, Gerald"]
[Black "Hoehfeld, Markus"]
[Result "1-0"]
[Board "21"]
[WhiteElo "1947"]
[WhiteCountry "GER"]
[WhiteFideId "12970263"]
[WhiteEloChange "9"]
[BlackElo "1895"]
[BlackCountry "GER"]
[BlackFideId "12984167"]
[BlackEloChange "-9"]

1. c4 {[%clk 1:30:57]} e5 {[%clk 1:30:41]} 2. g3 {[%clk 1:31:20]} Nc6 {[%clk
1:30:59]} 3. Nc3 {[%clk 1:31:40]} g6 {[%clk 1:31:01]} 4. Bg2 {[%clk 1:31:51]} Bg7
{[%clk 1:31:20]} 5. e4 {[%clk 1:32:07]} d6 {[%clk 1:30:51]} 6. Nge2 {[%clk
1:31:33]} f5 {[%clk 1:28:05]} 7. d3 {[%clk 1:31:51]} Nf6 {[%clk 1:28:08]} 8. O-O
{[%clk 1:32:02]} fxe4 {[%clk 1:27:14]} 9. dxe4 {[%clk 1:25:28]} Be6 {[%clk
1:23:58]} 10. Nd5 {[%clk 1:19:02]} O-O {[%clk 1:19:39]} 11. Bg5 {[%clk 1:18:26]}
Qd7 {[%clk 1:17:46]} 12. Qd2 {[%clk 1:12:12]} Rf7 {[%clk 1:14:54]} 13. Rad1
{[%clk 1:09:59]} Bh3 {[%clk 0:59:54]} 14. f3 {[%clk 0:47:24]} Bxg2 {[%clk
0:56:18]} 15. Kxg2 {[%clk 0:47:10]} Qe6 {[%clk 0:56:33]} 16. b4 {[%clk 0:45:16]}
Ne8 {[%clk 0:47:45]} 17. Be3 {[%clk 0:31:52]} Nd8 {[%clk 0:35:59]} 18. Qd3 {[%clk
0:22:38]} c6 {[%clk 0:29:21]} 19. Ndc3 {[%clk 0:22:59]} Bf8 {[%clk 0:24:52]} 20.
Rf2 {[%clk 0:17:28]} Qf6 {[%clk 0:21:04]} 21. f4 {[%clk 0:16:26]} Qg7 {[%clk
0:19:34]} 22. Rdf1 {[%clk 0:16:04]} Ne6 {[%clk 0:17:06]} 23. f5 {[%clk 0:13:51]}
gxf5 {[%clk 0:14:56]} 24. exf5 {[%clk 0:14:08]} N6c7 {[%clk 0:13:50]} 25. Ne4
{[%clk 0:13:09]} d5 {[%clk 0:11:41]} 26. Ng5 {[%clk 0:11:00]} Rf6 {[%clk
0:10:07]} 27. cxd5 {[%clk 0:10:11]} cxd5 {[%clk 0:09:28]} 28. Ne6 {[%clk
0:08:39]} Qg4 {[%clk 0:06:33]} 29. Bg5 {[%clk 0:05:47]} Rf7 {[%clk 0:06:09]} 30.
Bh4 {[%clk 0:03:00]} h6 {[%clk 0:04:03]} 31. a3 {[%clk 0:03:08]} Qc4 {[%clk
0:02:34]} 32. Qd2 {[%clk 0:02:41]} Qe4+ {[%clk 0:02:31]} 33. Kg1 {[%clk 0:03:02]}
Nxe6 {[%clk 0:02:44]} 34. fxe6 {[%clk 0:03:21]} Rxf2 {[%clk 0:02:58]} 35. Rxf2
{[%clk 0:03:47]} Bg7 {[%clk 0:02:31]} 36. Nc3 {[%clk 0:03:56]} Qd4 {[%clk
0:01:59]} 37. Nxd5 {[%clk 0:04:12]} Qa1+ {[%clk 0:02:12]} 38. Kg2 {[%clk
0:04:03]} Qxa3 {[%clk 0:02:24]} 39. Ne7+ {[%clk 0:04:03]} Kh8 {[%clk 0:02:27]}
40. Ng6+ {[%clk 0:04:15]} Kg8 {[%clk 0:02:43]} 41. Be7 {[%clk 0:21:03]} Qb3
{[%clk 0:27:20]} 42. Qd7 {[%clk 0:18:35]} Qc4 {[%clk 0:26:46]} 43. Qxb7 {[%clk
0:09:42]} Rc8 {[%clk 0:27:15]} 44. Bc5 {[%clk 0:09:34]} Rc7 {[%clk 0:26:05]} 45.
Qa8 {[%clk 0:09:33]} Qxe6 {[%clk 0:25:48]} 46. Nf8 {[%clk 0:08:07]} Qc6+ {[%clk
0:24:51]} 47. Qxc6 {[%clk 0:08:31]} Rxc6 {[%clk 0:25:13]} 48. Nd7 {[%clk
0:08:08]} a6 {[%clk 0:19:55]} 49. Nxe5 {[%clk 0:08:15]} Bxe5 {[%clk 0:18:38]} 50.
Rf8+ {[%clk 0:08:37]} Kg7 {[%clk 0:18:49]} 51. Rxe8 {[%clk 0:09:05]} Kf6 {[%clk
0:16:53]} 52. Kf3 {[%clk 0:08:23]} Bd6 {[%clk 0:14:17]} 53. Rh8 {[%clk 0:06:27]}
Kg7 {[%clk 0:13:57]} 54. Bd4+ {[%clk 0:05:42]} Kg6 {[%clk 0:13:15]} 55. Be3
{[%clk 0:05:25]} Rc4 {[%clk 0:09:29]} 56. Rxh6+ {[%clk 0:05:29]} Kf7 {[%clk
0:09:36]} 57. Rxd6 {[%clk 0:05:46]} Rxb4 {[%clk 0:09:55]} 58. Rxa6 {[%clk
0:06:05]} 1-0

[Event "8th Arber Open"]
[Site "chess24.com"]
[Date "2019.07.28"]
[Round "2"]
[White "Weisheit, Erik"]
[Black "Schelle, Artur"]
[Result "0-1"]
[Board "22"]
[WhiteElo "1862"]
[WhiteCountry "GER"]
[WhiteFideId "12981702"]
[WhiteEloChange "-3"]
[BlackElo "2176"]
[BlackCountry "GER"]
[BlackFideId "4644506"]
[BlackEloChange "3"]

1. e4 {[%clk 1:21:07]} g6 {[%clk 1:30:51]} 2. d4 {[%clk 1:20:41]} Bg7 {[%clk
1:31:15]} 3. Nc3 {[%clk 1:20:48]} c6 {[%clk 1:31:38]} 4. f4 {[%clk 1:20:51]} d5
{[%clk 1:32:02]} 5. Nf3 {[%clk 1:20:31]} dxe4 {[%clk 1:23:07]} 6. Nxe4 {[%clk
1:20:41]} Nd7 {[%clk 1:22:29]} 7. Bc4 {[%clk 1:16:38]} Nh6 {[%clk 1:04:13]} 8.
O-O {[%clk 1:10:44]} O-O {[%clk 1:02:25]} 9. c3 {[%clk 1:02:11]} Nb6 {[%clk
1:00:11]} 10. Bd3 {[%clk 1:00:20]} Nd5 {[%clk 0:57:55]} 11. h3 {[%clk 0:54:24]}
Qc7 {[%clk 0:55:07]} 12. Nh4 {[%clk 0:52:16]} Nf5 {[%clk 0:51:41]} 13. Qe1 {[%clk
0:51:05]} Nf6 {[%clk 0:40:19]} 14. g4 {[%clk 0:46:21]} Nxh4 {[%clk 0:39:50]} 15.
Qxh4 {[%clk 0:46:40]} Nxe4 {[%clk 0:40:18]} 16. Bxe4 {[%clk 0:46:53]} f5 {[%clk
0:40:17]} 17. Bd3 {[%clk 0:45:32]} c5 {[%clk 0:34:47]} 18. Be3 {[%clk 0:31:16]}
Bf6 {[%clk 0:25:35]} 19. g5 {[%clk 0:29:43]} cxd4 {[%clk 0:25:59]} 20. cxd4
{[%clk 0:29:42]} Bg7 {[%clk 0:26:15]} 21. Rfe1 {[%clk 0:27:04]} Be6 {[%clk
0:23:51]} 22. Re2 {[%clk 0:24:04]} Bd5 {[%clk 0:24:03]} 23. Qe1 {[%clk 0:22:12]}
Rac8 {[%clk 0:22:17]} 24. Rc1 {[%clk 0:20:07]} Qd6 {[%clk 0:21:57]} 25. b3 {[%clk
0:19:52]} Kh8 {[%clk 0:21:21]} 26. Rec2 {[%clk 0:19:29]} Rxc2 {[%clk 0:21:15]}
27. Rxc2 {[%clk 0:19:51]} Bc6 {[%clk 0:21:05]} 28. Qc3 {[%clk 0:18:45]} Qd5
{[%clk 0:18:31]} 29. Rh2 {[%clk 0:18:15]} Rd8 {[%clk 0:17:39]} 30. Qc4 {[%clk
0:13:31]} Qf3 {[%clk 0:16:37]} 31. Bf2 {[%clk 0:12:30]} Qxf4 {[%clk 0:15:30]} 32.
h4 {[%clk 0:11:39]} Rxd4 {[%clk 0:13:44]} 33. Qe6 {[%clk 0:11:56]} Qg4+ {[%clk
0:12:40]} 0-1